000 00329nam a2200145Ia 4500
008 230605s1989 xx 000 0 und d
041 _aeng
100 _aElliot Rosek
245 _aZodiac Cook Book
260 _bpyramid books
_c1989
300 _a144p
520 _aHard Board
520 _aReference Copy
650 _aF.Pro
999 _c419676
_d419676